000 01018nam a2200277 i 4500
001 10245
003 ES-MaACL
005 20230906145840.0
007 t|
008 950324s1993 sp ||||1| spa d
020 _a84-87111-25-4
080 _a551.43(494:234 Alpes)
100 1 _aParra del Río, Mª Dolores.
_989245
245 1 4 _aLos "planos geognósticos de los Alpes, la Suiza y el Tirol". de Carlos Gimbernat /
_cMª Dolores Parra del Río.
260 _aAranjuez :
_bDoce Calles,
_cD.L. 1993.
300 _a383 p., 6 h. de lám. pleg. :
_bil. ;
_c25 cm.
490 1 _aTheatrum naturae. Serie Textos clásicos
500 _aIndices.
504 _aBibliografía: p. [321]-345.
600 1 4 _aGimbernat, Carlos de.
_tPlanos geognósticos de los Alpes, la Suiza y el Tirol.
_957017
650 1 4 _aRelieve terrestre-
_zAlpes.
_916795
650 1 4 _aRocas-
_zAlpes.
_916924
830 0 _aTheatrum naturae. Serie Textos clásicos
_9178659
852 _aES-MaACL
_jL-17675
_bR.123669
999 _c10245
_d10245